Cars Franchise - Statistics

General Stats
  • This quiz has been taken 50 times
  • The average score is 9 of 28
Answer Stats
Type Year Name Info % Correct
Film 2006 Cars Disney-Pixar
100%
Video Game 2006 Cars THQ
100%
Film 2011 Cars 2 Disney-Pixar
97%
Video Game 2011 Cars 2 Disney Interactive / Sony
97%
Film 2017 Cars 3 Disney-Pixar
97%
Video Game 2017 Cars 3: Driven to Win Warner Bros.
97%
Film 2013 Planes Disney
54%
TV Show 2008-2014 Cars Toons Disney Channel
41%
Film 2014 Planes: Fire & Rescue Disney
38%
Short Film 2006 Mater and the Ghostlight Disney-Pixar
30%
TV Show 2008-2014 Cars Toons: Mater's Tall Tales Disney Channel
27%
Video Game 2010 Cars Toons: Mater's Tall Tales Papaya Studio
27%
Video Game 2009 Cars Race-O-Rama THQ
19%
Video Game 2007 Cars Mater-National Championship THQ
16%
Video Game 2006 Cars: Radiator Springs Adventures THQ
14%
Short Film 2017 Miss Fritter's Racing School Disney-Pixar
11%
Theme Park Attraction 2012-Present Radiator Springs Racers Disneyland
11%
Short Film 2014 Vitaminamulch: Air Spectacular Disney
8%
Video Game 2008 The World of Cars Online Disney Interactive
5%
Theme Park Attraction 2007-Present Cars Quatre Roues Rallye Disneyland Paris
3%
Theme Park Attraction ???? Cozy Cone Motel Disneyland
3%
Theme Park Attraction ???? Fillmore's Taste-In Disneyland
3%
Theme Park Attraction ???? Flo's V8 Cafe Disneyland
3%
Theme Park Attraction 2012-2015 Luigi's Flying Tires Disneyland
3%
Theme Park Attraction 2016-Present Luigi's Rollickin' Roadsters Disneyland
3%
Theme Park Attraction ???? Radiator Springs Curios Disneyland
3%
Theme Park Attraction ???? Ramone's House of Body Art Disneyland
3%
Theme Park Attraction ???? Sarge's Surplus Hut Disneyland
3%
No matching quizzes found
Score Distribution
Percent of People with Each Score
Percentile by Number Answered
Your Score History
You have not taken this quiz